[Event "Brasil ch 2004 final"]
[Site "São José do Rio Preto"]
[Date "2005.02.14"]
[Round "1.1"]
[White "Milos, Gilberto"]
[Black "Marra, Eduardo da Costa"]
[Result "1-0"]
[WhiteElo "2598"]
[BlackElo "2261"]
[PlyCount "88"]
[EventDate "2005.02.14"]
[EventType "swiss"]
[EventRounds "9"]
[EventCountry "BRA"]
[Source "lmi"]
[SourceDate "2005.02.20"]

1. d4 Nf6 2. c4 g6 3. Nc3 Bg7 4. e4 d6 5. f3 O-O 6. Bg5 a6 7. Qd2 c5 8. d5 b5
9. cxb5 Qa5 10. bxa6 Bxa6 11. Bxa6 Nxa6 12. Nge2 Rfb8 13. O-O c4 14. Be3 Nb4
15. Nd4 Qa6 16. a4 Nd7 17. Ncb5 Qa5 18. Rfb1 Nc5 19. Ra3 Rc8 20. h3 Bf6 21. Kh1
Nbd3 22. Qc2 Nb4 23. Qe2 Nb3 24. Nxb3 cxb3 25. Bd2 Rc2 26. Qe1 Bh4 27. Qxh4
Rxd2 28. Qxe7 Nc2 29. Nxd6 Nxa3 30. Qxf7+ Kh8 31. Qf6+ Kg8 32. Qf7+ Kh8 33.
Qf6+ Kg8 34. Nf7 Kf8 35. bxa3 b2 36. Rxb2 Rxb2 37. Ng5+ Ke8 38. Qxb2 Rc8 39.
Qh8+ Kd7 40. Qxh7+ Kd6 41. Qxg6+ Kc5 42. Ne6+ Kc4 43. Qg7 Qe1+ 44. Kh2 Qd2 1-0

[Event "Brasil ch 2004 final"]
[Site "São José do Rio Preto"]
[Date "2005.02.14"]
[Round "1.2"]
[White "Araujo, Adalberto"]
[Black "Leitão, Rafael"]
[Result "0-1"]
[WhiteElo "2258"]
[BlackElo "2580"]
[PlyCount "64"]
[EventDate "2005.02.14"]
[EventType "swiss"]
[EventRounds "9"]
[EventCountry "BRA"]
[Source "lmi"]
[SourceDate "2005.02.20"]

1. d4 Nf6 2. c4 e6 3. Nc3 Bb4 4. Bg5 c5 5. d5 h6 6. Bxf6 Qxf6 7. Qc2 O-O 8. e3
exd5 9. cxd5 d6 10. Bd3 Nd7 11. Nge2 Ne5 12. O-O Qh4 13. Bf5 Bxf5 14. Qxf5 c4
15. Rad1 a6 16. Rd4 Qe7 17. Re4 Qc7 18. Rh4 b5 19. Ne4 Qc8 20. N2g3 Qxf5 21.
Nxf5 Rfd8 22. b3 Kf8 23. bxc4 bxc4 24. Rc1 Rac8 25. f4 Nd3 26. Rc2 Ne1 27. Rc1
c3 28. a3 c2 29. axb4 Nd3 30. Rxc2 Rxc2 31. h3 Nxb4 32. Nexd6 g6 0-1

[Event "Brasil ch 2004 final"]
[Site "São José do Rio Preto"]
[Date "2005.02.14"]
[Round "1.3"]
[White "Lima, Darcy"]
[Black "Calheiros de Miranda Jr, Roberto"]
[Result "1-0"]
[WhiteElo "2529"]
[BlackElo "2208"]
[PlyCount "85"]
[EventDate "2005.02.14"]
[EventType "swiss"]
[EventRounds "9"]
[EventCountry "BRA"]
[Source "lmi"]
[SourceDate "2005.02.20"]

1. g3 g6 2. Bg2 Bg7 3. d4 d5 4. Nf3 Nf6 5. c4 c6 6. cxd5 cxd5 7. O-O O-O 8. Nc3
Nc6 9. Ne5 e6 10. Nxc6 bxc6 11. Na4 Nd7 12. Bf4 e5 13. dxe5 Nxe5 14. Rc1 Re8
15. Bxe5 Rxe5 16. Rxc6 Bd7 17. Rd6 Qe7 18. Rxd5 Rxd5 19. Qxd5 Rb8 20. Nc5 Be6
21. Nxe6 fxe6 22. Qc4 Rxb2 23. Rd1 Rb6 24. Qc8+ Bf8 25. Bh3 e5 26. Qc4+ Kh8 27.
Rd7 Qf6 28. Rxa7 Qc6 29. Qxc6 Rxc6 30. Bd7 Rf6 31. Ra5 Bd6 32. a4 Kg7 33. Rb5
Rf7 34. Be6 Ra7 35. Bb3 Bc7 36. Kg2 Kf6 37. Kf3 Ra5 38. Rb7 Rc5 39. h4 h6 40.
a5 Ke7 41. a6 Kd6 42. a7 Ra5 43. e4 1-0

[Event "Brasil ch 2004 final"]
[Site "São José do Rio Preto"]
[Date "2005.02.14"]
[Round "1.5"]
[White "Matsuura, Everaldo"]
[Black "Rodrigues da Silva, Alessandro"]
[Result "1-0"]
[WhiteElo "2462"]
[BlackElo "2204"]
[PlyCount "29"]
[EventDate "2005.02.14"]
[EventType "swiss"]
[EventRounds "9"]
[EventCountry "BRA"]
[Source "lmi"]
[SourceDate "2005.02.20"]

1. e4 c5 2. c3 e6 3. d4 b6 4. Nf3 d5 5. exd5 Qxd5 6. Be2 Nc6 7. c4 Qd6 8. d5
Nce7 9. Nc3 Bd7 10. Ne4 Qb8 11. dxe6 fxe6 12. Nd6+ Kd8 13. Nf7+ Ke8 14. Nd6+
Kd8 15. Ne5 1-0

[Event "Brasil ch 2004 final"]
[Site "São José do Rio Preto"]
[Date "2005.02.14"]
[Round "1.8"]
[White "Araujo, Alcides Alexandre"]
[Black "Coelho, Luis"]
[Result "1-0"]
[WhiteElo "2175"]
[BlackElo "2381"]
[PlyCount "59"]
[EventDate "2005.02.14"]
[EventType "swiss"]
[EventRounds "9"]
[EventCountry "BRA"]
[Source "lmi"]
[SourceDate "2005.02.20"]

1. e4 c5 2. Nf3 d6 3. d4 cxd4 4. Nxd4 Nf6 5. Nc3 a6 6. Bg5 e6 7. f4 Nbd7 8. Qf3
Qc7 9. O-O-O b5 10. Bd3 Bb7 11. Bxf6 Nxf6 12. Rhe1 Be7 13. Kb1 b4 14. Nce2
O-O-O 15. c3 d5 16. e5 Ne4 17. Bxe4 dxe4 18. Qg3 Qb6 19. Qxg7 Rhf8 20. c4 e3
21. Qxh7 Bxg2 22. Qc2 Qb7 23. Ng3 Rh8 24. c5 Rxh2 25. Rxe3 Rh3 26. c6 Qb6 27.
Qxg2 Rxd4 28. Rc1 Rh4 29. c7 Rd5 30. Nf5 1-0

[Event "Brasil ch 2004 final"]
[Site "São José do Rio Preto"]
[Date "2005.02.14"]
[Round "1.9"]
[White "Chemin, Vitorio"]
[Black "Capatti, Eduardo"]
[Result "0-1"]
[WhiteElo "2363"]
[BlackElo "2162"]
[PlyCount "154"]
[EventDate "2005.02.14"]
[EventType "swiss"]
[EventRounds "9"]
[EventCountry "BRA"]
[Source "lmi"]
[SourceDate "2005.02.20"]

1. d4 Nf6 2. Nf3 g6 3. Bf4 Bg7 4. e3 d6 5. Be2 c6 6. c4 Nbd7 7. O-O Nh5 8. Bg5
Qb6 9. b3 h6 10. Bh4 Nhf6 11. Nc3 O-O 12. Rb1 Qc7 13. h3 Re8 14. b4 b6 15. Bg3
a5 16. a3 axb4 17. axb4 Ra3 18. Qc1 Qa7 19. Ra1 Rxa1 20. Qxa1 Qb8 21. Qa3 Bb7
22. Ra1 Qc7 23. c5 Ra8 24. Qb2 Rxa1+ 25. Qxa1 bxc5 26. bxc5 Nxc5 27. dxc5 Ne4
28. Qa7 Bxc3 29. cxd6 exd6 30. Ba6 Nc5 31. Bc4 Ne4 32. Bf4 g5 33. Bh2 Qc8 34.
Qa3 Qa8 35. Bxd6 Qxa3 36. Bxa3 c5 37. Kf1 Kf8 38. Ke2 Ke7 39. Ne1 Bb4 40. Bxb4
cxb4 41. Nc2 Nd6 42. Bb3 Bxg2 43. Nxb4 Bxh3 44. Kf3 Be6 45. Nd5+ Bxd5+ 46. Bxd5
f5 47. Kg3 Kf6 48. f3 h5 49. Bb3 Nb7 50. Bd5 Nc5 51. Bc6 Nd3 52. Be8 h4+ 53.
Kh3 Nf2+ 54. Kg2 Nd1 55. e4 fxe4 56. fxe4 g4 57. Bd7 Kg5 58. e5 Ne3+ 59. Kf2
Nd5 60. e6 Kf4 61. Bc6 Ne7 62. Bb5 h3 63. Bf1 Nf5 64. Kg1 Kg3 65. Bd3 Ne7 66.
Be4 Kf4 67. Bd3 g3 68. Bf1 Kg4 69. Be2+ Kh4 70. Bf3 Nf5 71. Be4 h2+ 72. Kg2
Ne3+ 73. Kh1 Kh3 74. e7 Ng4 75. Bg2+ Kh4 76. Bd5 Nf2+ 77. Kg2 h1=Q# 0-1

[Event "Brasil ch 2004 final"]
[Site "São José do Rio Preto"]
[Date "2005.02.14"]
[Round "1.10"]
[White "Bil, Angelo"]
[Black "Di Berardino, Diego Rafael"]
[Result "1/2-1/2"]
[WhiteElo "2135"]
[BlackElo "2358"]
[PlyCount "77"]
[EventDate "2005.02.14"]
[EventType "swiss"]
[EventRounds "9"]
[EventCountry "BRA"]
[Source "lmi"]
[SourceDate "2005.02.20"]

1. e4 c5 2. Nf3 d6 3. d4 cxd4 4. Nxd4 Nf6 5. Nc3 a6 6. Be3 e5 7. Nb3 Be7 8. f3
Be6 9. g4 d5 10. exd5 Nxd5 11. Nxd5 Bh4+ 12. Bf2 Bxf2+ 13. Kxf2 Bxd5 14. h4 Nc6
15. Bd3 Qb6+ 16. Kg3 O-O-O 17. Qe2 Rhe8 18. Rhe1 Qc7 19. Be4 Nd4 20. Qf2 h5 21.
Rad1 Bxe4 22. fxe4 hxg4 23. Kxg4 Rd6 24. Nxd4 exd4 25. Qf5+ Kb8 26. e5 Rd5 27.
Qf4 Ka8 28. e6 Qxf4+ 29. Kxf4 fxe6 30. Re5 Rd7 31. Ke4 Rc7 32. Rd2 Rec8 33.
Rxe6 Rxc2 34. Kd3 Rxd2+ 35. Kxd2 Rf8 36. Kd3 Rf2 37. Re2 Rf4 38. Re4 Rf2 39.
Re2 1/2-1/2

[Event "Brasil ch 2004 final"]
[Site "São José do Rio Preto"]
[Date "2005.02.14"]
[Round "1.11"]
[White "El Debs, Felipe de Cresce"]
[Black "De Paula, Guilherme"]
[Result "1-0"]
[WhiteElo "2351"]
[BlackElo "2135"]
[PlyCount "135"]
[EventDate "2005.02.14"]
[EventType "swiss"]
[EventRounds "9"]
[EventCountry "BRA"]
[Source "lmi"]
[SourceDate "2005.02.20"]

1. e4 c5 2. Nc3 e6 3. g3 d5 4. exd5 exd5 5. Bg2 Nf6 6. Nge2 d4 7. Ne4 Nxe4 8.
Bxe4 Nd7 9. O-O Nf6 10. Bg2 Bd6 11. d3 O-O 12. h3 Nd7 13. Nf4 Re8 14. Bd2 Ne5
15. Re1 Bd7 16. Bxb7 Rb8 17. Bd5 Rxb2 18. Rb1 Rxb1 19. Qxb1 Qc7 20. c4 Bc6 21.
Kg2 Rb8 22. Qc2 Ng6 23. Nxg6 Bxd5+ 24. cxd5 hxg6 25. Qa4 Kf8 26. Rc1 Qb7 27.
Qc4 Re8 28. Bf4 Be7 29. Kg1 g5 30. Be5 f6 31. f4 gxf4 32. Bxf4 g5 33. Bd2 Bd6
34. Rf1 Kg7 35. Qa4 Re2 36. Qd1 Qe7 37. Rf2 Rxf2 38. Kxf2 Qe5 39. Qf3 Kg6 40.
h4 gxh4 41. Bf4 Qe7 42. Qg4+ Kf7 43. Qh5+ Kg8 44. Qg6+ Kh8 45. Qh6+ Kg8 46.
gxh4 Bxf4 47. Qxf4 Kf7 48. Qe4 Qd6 49. Kg2 Qa6 50. Qe2 f5 51. Qh5+ Kg8 52. Qe8+
Kg7 53. Qe7+ Kh8 54. Qf8+ Kh7 55. Qxf5+ Kg7 56. Qe5+ Kf8 57. Qb8+ Kg7 58. Qc7+
Kh8 59. Qd8+ Kh7 60. Qe7+ Kh8 61. Qf8+ Kh7 62. Qf5+ Kh8 63. Kf3 Qxa2 64. d6 Qc2
65. d7 Qd1+ 66. Ke4 Qh1+ 67. Ke5 Qh2+ 68. Ke6 1-0

[Event "Brasil ch 2004 final"]
[Site "São José do Rio Preto"]
[Date "2005.02.14"]
[Round "1.12"]
[White "Macedo, Maximo Iack"]
[Black "Caldeira, Adriano"]
[Result "0-1"]
[WhiteElo "2094"]
[BlackElo "2320"]
[PlyCount "77"]
[EventDate "2005.02.14"]
[EventType "swiss"]
[EventRounds "9"]
[EventCountry "BRA"]
[Source "lmi"]
[SourceDate "2005.02.20"]

1. d4 d5 2. Nf3 Nf6 3. Bf4 e6 4. e3 Be7 5. h3 c5 6. c3 O-O 7. Nbd2 b6 8. Bd3
Bb7 9. Qb1 Nc6 10. Ne5 Kh8 11. O-O cxd4 12. exd4 Nh5 13. Nxc6 Bxc6 14. Bh2 Bd6
15. Bxd6 Qxd6 16. Re1 Nf4 17. Bf1 f6 18. g3 Ng6 19. Bd3 Be8 20. h4 e5 21. h5
Ne7 22. Bxh7 e4 23. Bg6 f5 24. f4 exf3 25. Kf2 f4 26. g4 Nxg6 27. hxg6 Bxg6 28.
Qd1 Rae8 29. Qxf3 Re3 30. Qh1+ Kg8 31. Nf1 Be4 32. Qh5 Rf3+ 33. Kg1 Qd7 34. Re2
Rf6 35. g5 Rh3 36. Qxh3 Qxh3 37. gxf6 Qh1+ 38. Kf2 Qh4+ 39. Kg1 0-1

[Event "Brasil ch 2004 final"]
[Site "São José do Rio Preto"]
[Date "2005.02.14"]
[Round "1.13"]
[White "Asfora, Marco"]
[Black "Tasoko, Toshinobo"]
[Result "1-0"]
[WhiteElo "2308"]
[BlackElo "1935"]
[PlyCount "79"]
[EventDate "2005.02.14"]
[EventType "swiss"]
[EventRounds "9"]
[EventCountry "BRA"]
[Source "lmi"]
[SourceDate "2005.02.20"]

1. e4 c5 2. Nf3 Nc6 3. d4 cxd4 4. Nxd4 e5 5. Nb5 a6 6. Nd6+ Bxd6 7. Qxd6 Qf6 8.
Qxf6 Nxf6 9. Nc3 Nb4 10. Kd2 d5 11. a3 d4 12. axb4 dxc3+ 13. Ke3 Ng4+ 14. Ke2
f5 15. f3 Nf6 16. Ra5 O-O 17. Rxe5 fxe4 18. bxc3 Bd7 19. Bg5 Rac8 20. Bxf6
exf3+ 21. gxf3 Rxf6 22. Re3 Re6 23. Rxe6 Bxe6 24. Kd2 Rd8+ 25. Bd3 b5 26. Re1
Kf7 27. Re5 g6 28. Rc5 Ke7 29. Rc7+ Rd7 30. Rxd7+ Kxd7 31. Ke3 Kd6 32. Kd4 Bc8
33. f4 Bd7 34. c4 bxc4 35. Bxc4 Bc8 36. Bd3 Bf5 37. Bxf5 gxf5 38. c4 h6 39. h3
h5 40. h4 1-0

[Event "Brasil ch 2004 final"]
[Site "São José do Rio Preto"]
[Date "2005.02.15"]
[Round "2.1"]
[White "Van Riemsdijk, Herman Claudius"]
[Black "Milos, Gilberto"]
[Result "1/2-1/2"]
[WhiteElo "2409"]
[BlackElo "2598"]
[PlyCount "107"]
[EventDate "2005.02.14"]
[EventType "swiss"]
[EventRounds "9"]
[EventCountry "BRA"]
[Source "lmi"]
[SourceDate "2005.02.20"]

1. e4 e5 2. Nf3 Nc6 3. Bb5 a6 4. Ba4 Nf6 5. O-O Nxe4 6. Re1 Nc5 7. Nxe5 Nxe5 8.
Rxe5+ Be7 9. Nc3 O-O 10. d4 Nxa4 11. Nxa4 d5 12. Qf3 Bd6 13. Re1 Qh4 14. h3
Qxd4 15. Nc3 c6 16. Bg5 Be6 17. Rad1 Qb4 18. Rb1 Rae8 19. a3 Qb6 20. Ne2 Bd7
21. Be3 Qd8 22. Nd4 Re4 23. Nf5 Bxf5 24. Qxf5 Rfe8 25. Bd2 R8e5 26. Qf3 Qe7 27.
Rxe4 Rxe4 28. c3 Qe5 29. g3 Bc5 30. Kg2 h6 31. Bf4 Qe6 32. h4 Bb6 33. Rd1 a5
34. b3 Qf5 35. a4 f6 36. c4 g5 37. hxg5 fxg5 38. Be3 Qxf3+ 39. Kxf3 g4+ 40. Ke2
dxc4 41. bxc4 Bxe3 42. fxe3 Rxc4 43. Rd8+ Kf7 44. Rd7+ Ke6 45. Rxb7 Rxa4 46.
Rh7 Kd5 47. Rxh6 c5 48. Rg6 Rb4 49. Kd3 a4 50. e4+ Rxe4 51. Rg5+ Re5 52. Rxg4
a3 53. Ra4 c4+ 54. Kd2 1/2-1/2

[Event "Brasil ch 2004 final"]
[Site "São José do Rio Preto"]
[Date "2005.02.15"]
[Round "2.2"]
[White "Leitão, Rafael"]
[Black "El Debs, Felipe de Cresce"]
[Result "1-0"]
[WhiteElo "2580"]
[BlackElo "2351"]
[PlyCount "79"]
[EventDate "2005.02.14"]
[EventType "swiss"]
[EventRounds "9"]
[EventCountry "BRA"]
[Source "lmi"]
[SourceDate "2005.02.20"]

1. e4 c5 2. Nf3 g6 3. d4 cxd4 4. Nxd4 Bg7 5. c4 Nc6 6. Be3 Nf6 7. Nc3 O-O 8.
Be2 b6 9. O-O Bb7 10. f3 Qb8 11. Qd2 Rd8 12. Rfd1 e6 13. Rac1 d5 14. Nxc6 Bxc6
15. cxd5 exd5 16. Bf4 Qb7 17. Nb5 Ne8 18. e5 Rac8 19. Bg5 f6 20. Bh4 Qe7 21. f4
Bb7 22. Nxa7 Rxc1 23. Rxc1 Ra8 24. Nc6 Qd7 25. Bf3 fxe5 26. Qxd5+ Qxd5 27.
Bxd5+ Kh8 28. fxe5 Bxe5 29. Rc2 Bf6 30. Bf2 b5 31. b3 Nc7 32. Bf3 Ne6 33. Re2
Nf4 34. Rd2 Rc8 35. Rd6 Bg7 36. a4 bxa4 37. bxa4 Ne2+ 38. Kf1 Nc3 39. Ne7 Rb8
40. Bxb7 1-0

[Event "Brasil ch 2004 final"]
[Site "São José do Rio Preto"]
[Date "2005.02.15"]
[Round "2.3"]
[White "Caldeira, Adriano"]
[Black "Lima, Darcy"]
[Result "0-1"]
[WhiteElo "2320"]
[BlackElo "2529"]
[PlyCount "106"]
[EventDate "2005.02.14"]
[EventType "swiss"]
[EventRounds "9"]
[EventCountry "BRA"]
[Source "lmi"]
[SourceDate "2005.02.20"]

1. e4 Nf6 2. e5 Nd5 3. d4 d6 4. Nf3 g6 5. Bc4 Nb6 6. Bb3 Bg7 7. Qe2 Nc6 8. Nbd2
O-O 9. h3 Na5 10. O-O Nxb3 11. axb3 Bf5 12. Nc4 Nxc4 13. bxc4 dxe5 14. dxe5 c5
15. Rd1 Qc7 16. Bf4 Qc6 17. Rd5 Be6 18. Rd2 h6 19. Nh2 a6 20. Ng4 h5 21. Ne3
Qe4 22. Bg3 Rfd8 23. Rad1 Rxd2 24. Rxd2 b5 25. cxb5 axb5 26. Qxb5 h4 27. Bh2
Ra1+ 28. Rd1 Rxd1+ 29. Nxd1 Qxc2 30. Qf1 Bb3 31. Nc3 Qxb2 32. Qe1 Be6 33. f3 c4
34. Bf4 Qb6+ 35. Kh1 Qd4 36. Ne4 Bxe5 37. Bxe5 Qxe5 38. Qxh4 f6 39. Qf2 Bd5 40.
Nc5 c3 41. Nd3 Qf5 42. Qe3 c2 43. Nc1 Kf7 44. Kg1 Qc8 45. Kf2 g5 46. Ke1 Be6
47. g4 Qh8 48. Kd2 Qxh3 49. Ne2 Bd5 50. Ng1 Qh2+ 51. Kc1 Kf8 52. Ne2 Qh1+ 53.
Ng1 Bxf3 0-1

[Event "Brasil ch 2004 final"]
[Site "São José do Rio Preto"]
[Date "2005.02.15"]
[Round "2.5"]
[White "Capatti, Eduardo"]
[Black "Matsuura, Everaldo"]
[Result "0-1"]
[WhiteElo "2162"]
[BlackElo "2462"]
[PlyCount "44"]
[EventDate "2005.02.14"]
[EventType "swiss"]
[EventRounds "9"]
[EventCountry "BRA"]
[Source "lmi"]
[SourceDate "2005.02.20"]

1. d4 d5 2. Nf3 Nf6 3. e3 e6 4. Bd3 c5 5. b3 Nc6 6. a3 Bd6 7. Bb2 Qc7 8. c4
cxd4 9. exd4 O-O 10. Nc3 a6 11. O-O Bd7 12. Re1 Rfe8 13. Rc1 dxc4 14. bxc4 Ne7
15. Ne5 Ng6 16. f4 Nxf4 17. Bb1 Bxe5 18. dxe5 Qc5+ 19. Kh1 Bc6 20. Ne4 Nxe4 21.
Rxe4 Bxe4 22. Bxe4 Rad8 0-1

[Event "Brasil ch 2004 final"]
[Site "São José do Rio Preto"]
[Date "2005.02.15"]
[Round "2.6"]
[White "Limp, Eduardo"]
[Black "Araujo, Alcides Alexandre"]
[Result "1-0"]
[WhiteElo "2445"]
[BlackElo "2175"]
[PlyCount "75"]
[EventDate "2005.02.14"]
[EventType "swiss"]
[EventRounds "9"]
[EventCountry "BRA"]
[Source "lmi"]
[SourceDate "2005.02.20"]

1. d4 Nf6 2. Nf3 e6 3. c3 d5 4. Bg5 Be7 5. Nbd2 Nbd7 6. e3 O-O 7. Bd3 c5 8. O-O
h6 9. Bf4 Nh5 10. Be5 f6 11. Bg3 Nxg3 12. hxg3 c4 13. Bc2 f5 14. b3 cxb3 15.
axb3 Qc7 16. c4 b6 17. cxd5 exd5 18. Qb1 g6 19. b4 Bb7 20. b5 Kg7 21. Bd3 Rfc8
22. Nh4 Bxh4 23. gxh4 h5 24. Qb4 Nf6 25. Nf3 Ng4 26. g3 Kf6 27. Rfc1 Qxc1+ 28.
Rxc1 Rxc1+ 29. Kg2 Ke6 30. Qa3 Rc7 31. Ng5+ Kd7 32. Nf7 Ke8 33. Nh8 Rd8 34.
Nxg6 Rf7 35. Qxa7 Bc8 36. Qa3 Kd7 37. Nf4 Kc7 38. Qa7+ 1-0

[Event "Brasil ch 2004 final"]
[Site "São José do Rio Preto"]
[Date "2005.02.15"]
[Round "2.8"]
[White "Coelho, Luis"]
[Black "Bil, Angelo"]
[Result "1/2-1/2"]
[WhiteElo "2381"]
[BlackElo "2135"]
[PlyCount "79"]
[EventDate "2005.02.14"]
[EventType "swiss"]
[EventRounds "9"]
[EventCountry "BRA"]
[Source "lmi"]
[SourceDate "2005.02.20"]

1. e4 c5 2. Nf3 Nc6 3. d4 cxd4 4. Nxd4 Nf6 5. Nc3 e5 6. Ndb5 d6 7. Bg5 a6 8.
Na3 b5 9. Bxf6 gxf6 10. Nd5 f5 11. Bd3 Be6 12. O-O Bxd5 13. exd5 Ne7 14. Re1
Bg7 15. Rb1 O-O 16. c4 b4 17. Nc2 Rb8 18. Qh5 e4 19. Bf1 b3 20. axb3 Rxb3 21.
Ne3 f4 22. Nf5 Nxf5 23. Qxf5 e3 24. Qxf4 exf2+ 25. Qxf2 Qb6 26. Qxb6 Rxb6 27.
b3 Rfb8 28. c5 Bd4+ 29. Kh1 Bxc5 30. Bc4 a5 31. Ra1 Kf8 32. Re4 Bb4 33. Rh4 Kg7
34. Rg4+ Kf8 35. Rh4 Kg7 36. Rf1 Re8 37. Bd3 h6 38. Rg4+ Kf8 39. Rgf4 Rb7 40.
Ba6 1/2-1/2

[Event "Brasil ch 2004 final"]
[Site "São José do Rio Preto"]
[Date "2005.02.15"]
[Round "2.10"]
[White "Matsuura, Frederico"]
[Black "Name, Gabriel Ricardo S"]
[Result "1/2-1/2"]
[WhiteElo "2280"]
[BlackElo "2198"]
[PlyCount "91"]
[EventDate "2005.02.14"]
[EventType "swiss"]
[EventRounds "9"]
[EventCountry "BRA"]
[Source "lmi"]
[SourceDate "2005.02.20"]

1. d4 d5 2. Nf3 a6 3. Bg5 h6 4. Bh4 Bf5 5. e3 c6 6. Bd3 Bxd3 7. Qxd3 Qb6 8. b3
Nd7 9. O-O Ngf6 10. c4 e6 11. Nc3 Bb4 12. c5 Qa5 13. Ne2 Qb5 14. Qc2 Ba3 15.
Nc3 Qa5 16. Rfb1 O-O 17. Ne2 Qb4 18. Ne1 a5 19. Nc3 Ne4 20. Nxe4 dxe4 21. Qxe4
Nxc5 22. Qg4 Nd7 23. Nc2 Qd6 24. e4 f5 25. Qg6 e5 26. exf5 exd4 27. Qe6+ Rf7
28. Rd1 Nf8 29. Qxd6 Bxd6 30. Nxd4 Be5 31. Rac1 Bxd4 32. Rxd4 Rxf5 33. Rcd1 c5
34. Rd8 Rxd8 35. Bxd8 a4 36. bxa4 Rf4 37. Be7 Ne6 38. Rd6 Rb4 39. g3 Kf7 40.
Bd8 c4 41. Rb6 Rxa4 42. Rxb7+ Kg6 43. Rb6 Kf7 44. Rb7+ Kg6 45. Rb6 Kf7 46. Rb7+
1/2-1/2

[Event "Brasil ch 2004 final"]
[Site "São José do Rio Preto"]
[Date "2005.02.15"]
[Round "2.12"]
[White "De Paula, Guilherme"]
[Black "Araujo, Adalberto"]
[Result "0-1"]
[WhiteElo "2135"]
[BlackElo "2258"]
[PlyCount "106"]
[EventDate "2005.02.14"]
[EventType "swiss"]
[EventRounds "9"]
[EventCountry "BRA"]
[Source "lmi"]
[SourceDate "2005.02.20"]

1. g3 c5 2. Bg2 Nc6 3. f4 g6 4. Nf3 Bg7 5. O-O e6 6. e4 Nge7 7. d3 d6 8. c3 O-O
9. Be3 b6 10. Na3 Ba6 11. Nc2 Qd7 12. Rf2 Rac8 13. Rd2 Rfd8 14. d4 cxd4 15.
Nfxd4 Na5 16. Na3 Qe8 17. Bf2 d5 18. e5 Nec6 19. Nxc6 Qxc6 20. Nc2 Qc7 21. Nd4
Bf8 22. Bf1 Bxf1 23. Qxf1 Nc4 24. Re2 a6 25. g4 Re8 26. Rae1 b5 27. Bg3 b4 28.
f5 bxc3 29. bxc3 Nb6 30. fxg6 fxg6 31. Re3 Nc4 32. Rd3 Bg7 33. Qe2 Rb8 34. Qc2
Qd7 35. Re2 Rb2 36. Qd1 Reb8 37. Nb3 Qc7 38. Rd4 Rxe2 39. Qxe2 a5 40. Rd1 a4
41. Nd4 Rb2 42. Qe1 Qd7 43. Rb1 a3 44. Rxb2 axb2 45. Qb1 Qb7 46. Nb3 d4 47.
cxd4 Qf3 48. Bf2 Bh6 49. h4 Ne3 50. Bxe3 Bxe3+ 51. Kh2 Bf2 52. Qf1 Qg3+ 53. Kh1
b1=Q 0-1

[Event "Brasil ch 2004 final"]
[Site "São José do Rio Preto"]
[Date "2005.02.15"]
[Round "2.13"]
[White "Calheiros de Miranda Jr, Roberto"]
[Black "Macedo, Maximo Iack"]
[Result "1-0"]
[WhiteElo "2208"]
[BlackElo "2094"]
[PlyCount "49"]
[EventDate "2005.02.14"]
[EventType "swiss"]
[EventRounds "9"]
[EventCountry "BRA"]
[Source "lmi"]
[SourceDate "2005.02.20"]

1. d4 d5 2. c4 c6 3. Nf3 Nf6 4. Nc3 dxc4 5. e3 Bf5 6. Bxc4 e6 7. O-O Nbd7 8.
Qe2 Be7 9. e4 Bg4 10. h3 Bh5 11. Bf4 O-O 12. Rad1 Re8 13. Rd2 b5 14. Bb3 Qb6
15. Rc1 Bb4 16. a3 Bxc3 17. Rxc3 e5 18. dxe5 Nxe5 19. Bxe5 Bxf3 20. Qxf3 Rxe5
21. Rd6 Nxe4 22. Qxf7+ Kh8 23. Rf3 Ree8 24. Re6 Qd8 25. Rd3 1-0

[Event "Brasil ch 2004 final"]
[Site "São José do Rio Preto"]
[Date "2005.02.16"]
[Round "3.1"]
[White "Matsuura, Everaldo"]
[Black "Leitão, Rafael"]
[Result "0-1"]
[WhiteElo "2462"]
[BlackElo "2580"]
[PlyCount "50"]
[EventDate "2005.02.14"]
[EventType "swiss"]
[EventRounds "9"]
[EventCountry "BRA"]
[Source "lmi"]
[SourceDate "2005.02.20"]

1. e4 d6 2. d4 Nf6 3. Nc3 g6 4. Be3 c6 5. Qd2 b5 6. f3 Nbd7 7. O-O-O Nb6 8. Bd3
Bb7 9. g4 Qc7 10. Nce2 e5 11. g5 Nfd7 12. Nh3 a6 13. Kb1 O-O-O 14. c3 d5 15.
Nf2 c5 16. Qc1 Bg7 17. h4 Kb8 18. h5 Ka8 19. h6 Bf8 20. Ng4 Bd6 21. dxc5 Nxc5
22. Nf6 Be7 23. Nxd5 Nxd5 24. exd5 Nxd3 25. Rxd3 Bxd5 0-1

[Event "Brasil ch 2004 final"]
[Site "São José do Rio Preto"]
[Date "2005.02.16"]
[Round "3.2"]
[White "Lima, Darcy"]
[Black "Limp, Eduardo"]
[Result "1-0"]
[WhiteElo "2529"]
[BlackElo "2445"]
[PlyCount "72"]
[EventDate "2005.02.14"]
[EventType "swiss"]
[EventRounds "9"]
[EventCountry "BRA"]
[Source "lmi"]
[SourceDate "2005.02.20"]

1. d4 Nf6 2. c4 e6 3. Nc3 Bb4 4. Qc2 O-O 5. e4 c5 6. e5 cxd4 7. a3 Bxc3+ 8.
bxc3 Ne8 9. cxd4 Nc6 10. Nf3 d6 11. Bb2 dxe5 12. dxe5 Nc7 13. Bd3 h6 14. Qe2
Na6 15. Qe4 g6 16. O-O-O Qe7 17. Qf4 Kg7 18. h4 Nc5 19. Bc2 Na5 20. h5 g5 21.
Qf6+ Qxf6 22. exf6+ Kg8 23. Ne5 b6 24. f4 Ba6 25. Ng4 gxf4 26. Nxh6+ Kh8 27.
Rh4 e5 28. Bxe5 Nxc4 29. Bd6 Nxd6 30. Rxd6 Rac8 31. Kb2 Bb7 32. Rxf4 Rce8 33.
Rg4 Be4 34. Bxe4 Rxe4 35. Rd8 Re2+ 36. Kc3 Ne4+ 1-0

[Event "Brasil ch 2004 final"]
[Site "São José do Rio Preto"]
[Date "2005.02.16"]
[Round "3.4"]
[White "Milos, Gilberto"]
[Black "El Debs, Felipe de Cresce"]
[Result "1-0"]
[WhiteElo "2598"]
[BlackElo "2351"]
[PlyCount "52"]
[EventDate "2005.02.14"]
[EventType "swiss"]
[EventRounds "9"]
[EventCountry "BRA"]
[Source "lmi"]
[SourceDate "2005.02.20"]

1. d4 d5 2. c4 e6 3. Nc3 Nf6 4. cxd5 exd5 5. Bg5 Nbd7 6. e3 Bb4 7. Bd3 c5 8.
Nge2 cxd4 9. exd4 O-O 10. O-O Nb6 11. Bc2 Bg4 12. Qd3 Bxe2 13. Nxe2 g6 14. Ng3
Re8 15. Nf5 Nbd7 16. Nh6+ Kg7 17. Qf3 Qa5 18. a3 Bd2 19. h4 Re7 20. Qg3 Bxg5
21. hxg5 Ne4 22. Bxe4 dxe4 23. Rac1 Qd5 24. Rc7 Rae8 25. Qf4 Qxd4 26. Rxb7 Nc5
1-0

[Event "Brasil ch 2004 final"]
[Site "São José do Rio Preto"]
[Date "2005.02.16"]
[Round "3.5"]
[White "Asfora, Marco"]
[Black "Van Riemsdijk, Herman Claudius"]
[Result "1/2-1/2"]
[WhiteElo "2308"]
[BlackElo "2409"]
[PlyCount "73"]
[EventDate "2005.02.14"]
[EventType "swiss"]
[EventRounds "9"]
[EventCountry "BRA"]
[Source "lmi"]
[SourceDate "2005.02.20"]

1. Nf3 g6 2. d4 c5 3. e3 Bg7 4. Be2 Nf6 5. O-O O-O 6. b3 b6 7. Bb2 Bb7 8. Nbd2
Nc6 9. Ne5 Qc7 10. Nxc6 Bxc6 11. c4 cxd4 12. exd4 d5 13. Nf3 Nd7 14. Qd2 Rfd8
15. Rac1 Qb7 16. Qf4 e6 17. Rfd1 Rac8 18. h4 dxc4 19. bxc4 Qb8 20. Qe3 Qa8 21.
h5 Nf6 22. hxg6 hxg6 23. Qf4 Ba4 24. Re1 Qe4 25. Qh2 Qf5 26. Ne5 Ne4 27. Nf3
Bc6 28. Bd3 Qg4 29. Bxe4 Bxe4 30. Rxe4 Qxe4 31. Ng5 Qf5 32. Qh7+ Kf8 33. Ba3+
Rc5 34. dxc5 bxc5 35. Nf3 Rd3 36. Qh4 g5 37. Bxc5+ 1/2-1/2